00666nam a22002057a 4500003000400000008004100004020001900045082001900064100002800083245008000111260006200191300001000253650003300263650002000296650002400316650003400340650003200374650003100406700002300437OSt260629b |||||||| |||| 00| 0 eng d a 9789391734596 a632.9517bT83P aTripathi, Ashish Kumar  a Fasalo mein Keet Vyadhi evam Keetnashi PrabandhancTripathi, Ashish Kumar  aNew DelhibToday Tomorrows Printers and Publishers c2022 a153p. aCrops $x Diseases and pests. aPlant diseases. aAgricultural pests. aPest shortages $x Management. aIntegrated pest management. aPesticides $x Application. aSingh, Anil Kumar